000 00703nam a2200181Ia 4500
008 151202s9999||||xx |||||||||||||| ||und||
082 _bPNVM-55736
100 _aचेस जेम्स हॅडली (अनु .देखणे मनोहर ).
245 _aबलिदान.
260 _b"मनोरंजन प्रकाशन,मुंबई."
260 _c1978
300 _a160
600 _aचेस जेम्स हॅडली (अनु .देखणे मनोहर ).
630 _aबलिदान.
700 _aचेस जेम्स हॅडली (अनु .देखणे मनोहर ).
730 _aबलिदान.
942 _cBOOK
999 _c1322274
_d1322271